logo

Bir Sreshtho Munshi Abdur Rouf Library
Jhenaidah Cadet College

Modern American poetry / (Record no. 8173)

MARC details
000 -LEADER
fixed length control field 01910cam a2200301 a 4500
001 - CONTROL NUMBER
JCCL Control Number 8173
003 - CONTROL NUMBER IDENTIFIER
JCCL marc code BD-JhCC
005 - DATE AND TIME OF LATEST TRANSACTION
control field 20180219101618.0
008 - FIXED-LENGTH DATA ELEMENTS--GENERAL INFORMATION
fixed length control field 050110s2005 pau b 001 0 eng
020 ## - INTERNATIONAL STANDARD BOOK NUMBER
International Standard Book Number 0791082377 (alk. paper)
035 ## - SYSTEM CONTROL NUMBER
system control number (BD-JhCC)
040 ## - CATALOGING SOURCE
Original cataloging agency DLC
Transcribing agency DLC
Modifying agency DLC
-- BD-JhCC
041 ## - LANGUAGE CODE
Language code of Book eng
050 00 - LIBRARY OF CONGRESS CALL NUMBER
Classification number PS374.M535
Item number M63 2005
082 00 - DEWEY DECIMAL CLASSIFICATION NUMBER
Classification number 811/.508
DDC Edition number 22
Author mark and Year MOD 2005
245 00 - TITLE STATEMENT
Title Modern American poetry /
Statement of responsibility, etc edited and with an introduction by Harold Bloom.
260 ## - PUBLICATION, DISTRIBUTION, ETC. (IMPRINT)
Place of publication, distribution, etc Philadelphia :
Name of publisher, distributor, etc Chelsea House Publishers,
Date of publication, distribution, etc c2005.
300 ## - PHYSICAL DESCRIPTION
Pagination viii, 509 p. ;
Dimensions 25 cm.
440 #0 -
Title Bloom's period studies
504 ## - BIBLIOGRAPHY, ETC. NOTE
Bibliography, etc Includes bibliographical references and index.
505 0# - FORMATTED CONTENTS NOTE
Formatted contents note Introduction / Harold Bloom -- Motives and motifs in the poetry of Marianne Moore / Kenneth Burke -- Mauberley / Hugh Kenner -- The shadow of a myth / Alan Trachtenberg -- Open to the weather / Thomas R. Whitaker -- Douceurs, tristesses / Helen Hennessy Vendler -- New modes of characterization in The waste land / Robert Langbaum -- Soundings for home / Richard Poirier -- How shall I be mirror to this modernity? : William Carlos Williams's Patterson / James E. Miller, Jr. -- Late poems : places, common and other / Eleanor Cook -- Helmet of fire : American poetry in the 1920s / Edward Hirsch -- Dice of drowned men's bones / Langdon Hammer -- Lyricism : at the back of the north wind / Katherine Kearns -- T.S. Eliot and Hart Crane / David Bromwich -- H.D. : set free to prophesy / Louis L. Martz -- Jazz, realism, and the modernist lyric : the poetry of Langston Hughes / Anita Patterson -- Moore's America / Bonnie Costello.
650 #0 - SUBJECT ADDED ENTRY--TOPICAL TERM
Topical term or geographic name as entry element American poetry
Chronological subdivision 20th century
General subdivision History and criticism.
650 #0 - SUBJECT ADDED ENTRY--TOPICAL TERM
Topical term or geographic name as entry element Modernism (Literature)
Geographic subdivision United States.
700 1# - ADDED ENTRY--PERSONAL NAME
Personal name Bloom, Harold.
856 41 - ELECTRONIC LOCATION AND ACCESS
Materials specified Table of contents
Uniform Resource Identifier http://www.loc.gov/catdir/toc/ecip056/2005000754.html
942 ## - ADDED ENTRY ELEMENTS (KOHA)
Source of classification or shelving scheme Dewey Decimal Classification
Koha item type Books
Holdings
Source of classification or shelving scheme Damaged status Not for loan Home library Current library Shelving location Total Checkouts Full call number Barcode Date last seen Copy number Koha item type
Dewey Decimal Classification     JCC Rouf Library JCC Rouf Library General Stacks   811/.508 MOD 2005 8576 02/19/2018 C - 1 Books

JCC Library | Contacts | JCC Home

Last Update on 23 September 2017
Copyright @ 2017-2020 JCC Rouf Library
Rouf Library, Jhenidah Cadet College (JCC), Bangladesh